[Event "World Blitz Women 2016"]
[Site "Doha QAT"]
[Date "2016.12.30"]
[Round "14.9"]
[White "Dzagnidze, Nana"]
[Black "Javakhishvili, Lela"]
[Result "0-1"]
[WhiteTitle "GM"]
[BlackTitle "IM"]
[WhiteElo "2520"]
[BlackElo "2461"]
[WhiteFideId "13601903"]
[BlackFideId "13601458"]
[EventDate "2016.12.29"]

1. Nf3 Nf6 2. b3 d6 3. Bb2 e5 4. g3 c5 5. Bg2 Nc6 6. O-O Be7 7. c4 O-O 8. e3 Be6
9. d4 exd4 10. exd4 d5 11. cxd5 Nxd5 12. dxc5 Bxc5 13. Nbd2 Be7 14. Nc4 Bf6 15.
Nd4 Nxd4 16. Bxd4 Nc3 17. Bxc3 Bxc3 18. Rc1 Qf6 19. Bxb7 Rad8 20. Qf3 Qxf3 21.
Bxf3 Bb4 22. Rfd1 g6 23. Kg2 Kg7 24. Ne5 Rxd1 25. Rxd1 Rc8 26. Nc6 Bc5 27. b4
Bb6 28. Rd2 a6 29. a4 Bc4 30. a5 Bc7 31. Rc2 Bb3 32. Rc3 Be6 33. Ne7 Rb8 34.
Rxc7 Rxb4 35. Bd5 Bxd5+ 36. Nxd5 Rb5 37. Ne7 Rxa5 38. Ra7 Ra2 39. Nc6 Kg8 40. g4
h6 41. Kg3 Ra3+ 42. f3 Ra1 43. h4 Ra4 44. Nd8 f5 45. gxf5 gxf5 46. Ne6 a5 47.
Nf4 Ra1 48. Nd5 a4 49. Kf4 Rh1 50. Kxf5 Rxh4 51. f4 Rh5+ 52. Ke6 Rh1 53. Rxa4 h5
54. f5 h4 55. Ra8+ Kh7 56. Nf6+ Kg7 57. Rg8+ 0-1

[Event "World Blitz Women 2016"]
[Site "Doha QAT"]
[Date "2016.12.30"]
[Round "14.10"]
[White "Batsiashvili, Nino"]
[Black "Arabidze, Meri"]
[Result "1-0"]
[WhiteTitle "IM"]
[BlackTitle "IM"]
[WhiteElo "2482"]
[BlackElo "2379"]
[WhiteFideId "13602993"]
[BlackFideId "13604040"]
[EventDate "2016.12.29"]

1. b3 d5 2. Bb2 Bg4 3. g3 e6 4. Bg2 Nf6 5. Nf3 Nbd7 6. O-O Be7 7. c4 c6 8. d3
O-O 9. Nbd2 a5 10. h3 Bh5 11. g4 Bg6 12. Nh4 Ne8 13. Nxg6 hxg6 14. e4 dxc4 15.
Nxc4 Nd6 16. Ne3 a4 17. bxa4 Nc5 18. e5 Nc8 19. d4 Nxa4 20. Rb1 Ncb6 21. Ba1 Ra7
22. Qd2 Nd5 23. Nxd5 cxd5 24. Rb3 Qd7 25. Rfb1 Rc8 26. Bf1 Qc7 27. Bd3 b5 28.
Bxb5 Nb6 29. a4 Nc4 30. Qe2 Bg5 31. Bc3 Bf4 32. Bb4 g5 33. Bc5 Raa8 34. Rf3 Nd2
35. Rxf4 Nxb1 36. Rf3 Qa5 37. Rb3 Nc3 38. Qd2 Nxb5 39. Qxa5 Rxa5 40. axb5 Rb8
41. b6 Ra6 42. b7 1-0

[Event "World Blitz Women 2016"]
[Site "Doha QAT"]
[Date "2016.12.30"]
[Round "14.12"]
[White "Saduakassova, Dinara"]
[Black "Ovezdurdiyeva, Jemal"]
[Result "1-0"]
[WhiteTitle "WGM"]
[BlackTitle "WFM"]
[WhiteElo "2428"]
[BlackElo "2080"]
[WhiteFideId "13700090"]
[BlackFideId "14001888"]
[EventDate "2016.12.29"]

1. d4 Nf6 2. c4 g6 3. g3 c6 4. Bg2 d5 5. Qa4 Bg7 6. cxd5 Nxd5 7. Nf3 O-O 8. O-O
Bg4 9. Qd1 Qd7 10. Ne5 Qc8 11. Nc3 Bh3 12. e4 Bxg2 13. Kxg2 Nb6 14. Qb3 N8d7 15.
Nf3 c5 16. d5 c4 17. Qd1 Nc5 18. Qe2 e6 19. d6 e5 20. Bg5 f6 21. Be3 Qc6 22.
Bxc5 Qxc5 23. Rfd1 Rad8 24. Qe3 Qxe3 25. fxe3 Rd7 26. Nd5 Nxd5 27. Rxd5 Rfd8 28.
Rad1 b6 29. Nd2 Rc8 30. Rc1 Rc6 31. Nxc4 Bf8 32. Nxe5 Rxc1 33. Nxd7 Rc8 34.
Nxf6+ Kf7 35. Ng4 Ke6 36. d7 Rd8 37. Ne5 Bg7 38. Nc6 Rxd7 39. Rxd7 Kxd7 40. Nxa7
Bxb2 41. Kf3 Be5 42. h4 Ke6 43. Nb5 Bf6 44. Nd4+ Kd6 45. Ke2 Bd8 46. Kd3 Bf6 47.
Kc4 h5 48. Nf3 Bd8 49. Kb5 Ke6 50. Kc6 Kf6 51. e5+ Ke6 52. e4 Ke7 53. a4 Ke6 54.
Kb5 Bc7 55. Kc6 Bd8 56. Kb7 Kd7 57. Nd4 Bc7 58. e6+ Kd8 59. Nc6+ 1-0

[Event "World Blitz Women 2016"]
[Site "Doha QAT"]
[Date "2016.12.30"]
[Round "14.13"]
[White "Gvetadze, Sofio"]
[Black "Krivec, Jana"]
[Result "1-0"]
[WhiteTitle "IM"]
[BlackTitle "WGM"]
[WhiteElo "2283"]
[BlackElo "2264"]
[WhiteFideId "13601440"]
[BlackFideId "14601982"]
[EventDate "2016.12.29"]

1. Nf3 d5 2. c4 dxc4 3. Qa4+ Nd7 4. Qxc4 e6 5. g3 Ngf6 6. Bg2 Be7 7. O-O O-O 8.
d4 a6 9. Qc2 c5 10. Rd1 Qa5 11. Nc3 cxd4 12. Nxd4 Nc5 13. Bd2 Qc7 14. b4 Ncd7
15. a3 Rb8 16. Rac1 b5 17. Nc6 Nb6 18. Bf4 1-0

[Event "World Blitz Women 2016"]
[Site "Doha QAT"]
[Date "2016.12.30"]
[Round "14.14"]
[White "Sloan, Julia Elizabeth"]
[Black "Pham, Le Thao Nguyen"]
[Result "0-1"]
[WhiteTitle "CM"]
[BlackTitle "IM"]
[WhiteElo "2173"]
[BlackElo "2351"]
[WhiteFideId "2018950"]
[BlackFideId "12401226"]
[EventDate "2016.12.29"]

1. d4 d5 2. c4 c6 3. Nf3 Nf6 4. Bf4 Bf5 5. e3 e6 6. Nc3 Nbd7 7. Qb3 Qb6 8. c5
Qxb3 9. axb3 a6 10. b4 Rc8 11. Be2 h6 12. h3 Be7 13. O-O O-O 14. Ne5 Rfe8 15.
Rfd1 Bd8 16. Bd3 Bxd3 17. Rxd3 Bc7 18. Nxd7 Nxd7 19. Bxc7 Rxc7 20. e4 Nf6 21. f3
Rd7 22. Rad1 g5 23. e5 Nh5 24. Ne2 Kh7 25. g4 Ng7 26. f4 Kg6 27. Rf3 f5 28. exf6
Kxf6 29. fxg5+ Kxg5 30. Rdf1 e5 31. Kg2 h5 32. gxh5 Kxh5 33. Ng3+ Kg6 34. dxe5
Rxe5 35. Rf6+ Kh7 36. Rf7 Ree7 37. Rxe7 Rxe7 38. Nf5 Nxf5 39. Rxf5 Kg6 40. Rf4
Re2+ 41. Rf2 Re4 42. Kg3 Rxb4 43. Re2 Kf5 44. h4 Rb3+ 45. Kh2 Kg4 46. Rg2+ Kxh4
47. Kg1 Rg3 0-1

[Event "World Blitz Women 2016"]
[Site "Doha QAT"]
[Date "2016.12.30"]
[Round "14.15"]
[White "Sviridova, Vlada"]
[Black "Purtseladze, Maka"]
[Result "1-0"]
[WhiteTitle "WFM"]
[BlackTitle "IM"]
[WhiteElo "2144"]
[BlackElo "2347"]
[WhiteFideId "24109606"]
[BlackFideId "13602659"]
[EventDate "2016.12.29"]

1. d4 Nf6 2. c4 Nc6 3. Nc3 e5 4. d5 Ne7 5. e4 Ng6 6. Bd3 Bc5 7. h3 a6 8. Qe2 d6
9. Nf3 O-O 10. g3 c6 11. Be3 Bxe3 12. Qxe3 c5 13. O-O-O b5 14. Nd2 Qa5 15. Kb1
Bd7 16. f4 Qb6 17. f5 Ne7 18. g4 b4 19. Ne2 Qd8 20. Rdg1 Kh8 21. h4 Nfg8 22. g5
f6 23. gxf6 Nxf6 24. h5 h6 25. Rg6 Nxg6 26. hxg6 Ng8 27. Nf3 Qf6 28. Rh5 Rae8
29. Ng5 Re7 30. Nh7 Ree8 31. Nxf6 Rxf6 32. Rh1 Ref8 33. Ng3 Re8 34. Nh5 1-0

[Event "World Blitz Women 2016"]
[Site "Doha QAT"]
[Date "2016.12.30"]
[Round "15.2"]
[White "Gunina, Valentina"]
[Black "Koneru, Humpy"]
[Result "1-0"]
[WhiteTitle "GM"]
[BlackTitle "GM"]
[WhiteElo "2525"]
[BlackElo "2557"]
[WhiteFideId "4167570"]
[BlackFideId "5008123"]
[EventDate "2016.12.29"]

1. d4 Nf6 2. c4 e6 3. Nf3 b6 4. g3 Bb4+ 5. Bd2 c5 6. Bxb4 cxb4 7. Bg2 Bb7 8. O-O
O-O 9. Qb3 a5 10. Rd1 d6 11. Nbd2 Nbd7 12. Nh4 Bxg2 13. Nxg2 Qb8 14. a3 bxa3 15.
bxa3 e5 16. Nf3 Qc7 17. Ne3 g6 18. Rab1 Rac8 19. Rbc1 Rfd8 20. Rc2 Qb7 21. Rb1
Qa8 22. Qb5 exd4 23. Nxd4 d5 24. cxd5 Rxc2 25. Ndxc2 Rc8 26. Rd1 Rc5 27. Qb3 a4
28. Qd3 Qc8 29. Qd2 Ne4 30. Qd4 Nc3 31. Re1 h5 32. Nb4 Qe8 33. Nc6 Nxd5 34. Nxd5
Rxc6 35. Qxa4 Re6 36. Nc7 1-0

[Event "World Blitz Women 2016"]
[Site "Doha QAT"]
[Date "2016.12.30"]
[Round "15.3"]
[White "Tan, Zhongyi"]
[Black "Kashlinskaya, Alina"]
[Result "1-0"]
[WhiteTitle "WGM"]
[BlackTitle "IM"]
[WhiteElo "2496"]
[BlackElo "2429"]
[WhiteFideId "8603642"]
[BlackFideId "4198026"]
[EventDate "2016.12.29"]

1. Nf3 Nf6 2. c4 g6 3. Nc3 Bg7 4. g3 O-O 5. Bg2 c5 6. d4 cxd4 7. Nxd4 Qc7 8. Qd3
Nc6 9. Nxc6 dxc6 10. O-O Bf5 11. e4 Rad8 12. Qe2 Bg4 13. f3 Bc8 14. Be3 Nd7 15.
Rac1 Nc5 16. Bxc5 b6 17. Be3 Ba6 18. b3 Qe5 19. Rfd1 Qa5 20. Na4 Qb4 21. Bd2 Qa3
22. Bc3 e5 23. Qb2 Qe7 24. Qc2 b5 25. Nb2 Bh6 26. Rxd8 Rxd8 27. Rd1 Re8 28. Bd2
Bg7 29. Be3 Bc8 30. Nd3 Qc7 31. cxb5 Re6 32. Rc1 Rd6 33. bxc6 Ba6 34. Nf2 Bb5
35. Qc5 a6 36. Qb6 Qxb6 37. Bxb6 Bxc6 38. Bc7 Re6 39. Bh3 Rf6 40. Ng4 Rxf3 41.
Rxc6 h5 42. Nxe5 Re3 43. Rc4 Re2 44. Bf1 Rxa2 45. Nf3 Rb2 46. Rb4 Bf8 47. Rb8 f6
48. Bd6 Kf7 49. Bxf8 1-0

[Event "World Blitz Women 2016"]
[Site "Doha QAT"]
[Date "2016.12.30"]
[Round "15.7"]
[White "Harika, Dronavalli"]
[Black "Dzagnidze, Nana"]
[Result "1/2-1/2"]
[WhiteTitle "GM"]
[BlackTitle "GM"]
[WhiteElo "2543"]
[BlackElo "2520"]
[WhiteFideId "5015197"]
[BlackFideId "13601903"]
[EventDate "2016.12.29"]

1. d4 Nf6 2. Bg5 d5 3. e3 e6 4. Nd2 Be7 5. Bd3 b6 6. c3 Bb7 7. f4 h6 8. Bxf6
Bxf6 9. Ngf3 Nd7 10. Qe2 Bh4+ 11. g3 Be7 12. O-O c5 13. Ne5 O-O 14. Nxd7 Qxd7
15. Nf3 Bd6 16. Ne5 Qe7 17. Rf2 Bxe5 18. fxe5 f5 19. exf6 Rxf6 20. Rxf6 Qxf6 21.
Rf1 Qg5 22. Qf3 Bc6 23. h4 Qe7 24. Qf4 Rd8 25. Rf2 Be8 26. Kg2 Qd6 27. Qf3 Rd7
28. Qf4 Bh5 29. g4 Qxf4 30. Rxf4 Bf7 31. h5 Re7 32. Rf2 e5 33. Bc2 e4 34. Kg3
Be6 35. Ba4 a6 36. Bb3 c4 37. Bd1 b5 38. a3 Rb7 39. Kh4 Rf7 40. Rxf7 Kxf7 41.
Kg3 Kf6 42. Kf4 Bd7 43. Be2 Be6 44. Bd1 Bd7 45. b4 Be8 46. Be2 Bd7 47. Bf1 Be8
48. Bh3 Bc6 49. Bf1 Bd7 50. Be2 Be8 51. Bd1 Bd7 52. Bc2 Be8 53. Bd1 Bd7 54. Be2 1/2-1/2

[Event "World Blitz Women 2016"]
[Site "Doha QAT"]
[Date "2016.12.30"]
[Round "15.8"]
[White "Gaponenko, Inna"]
[Black "Batsiashvili, Nino"]
[Result "1-0"]
[WhiteTitle "IM"]
[BlackTitle "IM"]
[WhiteElo "2411"]
[BlackElo "2482"]
[WhiteFideId "14101181"]
[BlackFideId "13602993"]
[EventDate "2016.12.29"]

1. e4 c6 2. d4 d5 3. exd5 cxd5 4. c4 Nf6 5. Nc3 Nc6 6. cxd5 Nxd5 7. Nf3 e6 8.
Bd3 Be7 9. O-O O-O 10. Re1 Nf6 11. a3 Bd7 12. Bc2 Rc8 13. Qd3 g6 14. Bh6 Re8 15.
Rad1 Bf8 16. Bg5 Bg7 17. d5 Ne7 18. Ne5 Nexd5 19. Nxd7 Qxd7 20. Ba4 Rxc3 21.
Bxd7 Rxd3 22. Rxd3 Nxd7 23. Rxd5 Nb6 24. Rb5 Rc8 25. Rd1 Nd5 26. Rxb7 h6 27. Be3
a5 28. Rc1 Rd8 29. h3 Nxe3 30. fxe3 Rd3 31. Rc8+ Kh7 32. Rxf7 g5 33. Rcc7 Kg6
34. Rxg7+ Kf5 35. Kf2 Ke4 36. Rc4+ Ke5 37. Ke2 Rb3 38. Rc2 a4 39. Ra7 1-0

[Event "World Blitz Women 2016"]
[Site "Doha QAT"]
[Date "2016.12.30"]
[Round "15.9"]
[White "Pham, Le Thao Nguyen"]
[Black "Saduakassova, Dinara"]
[Result "1/2-1/2"]
[WhiteTitle "IM"]
[BlackTitle "WGM"]
[WhiteElo "2351"]
[BlackElo "2428"]
[WhiteFideId "12401226"]
[BlackFideId "13700090"]
[EventDate "2016.12.29"]

1. d4 Nf6 2. Nf3 e6 3. Bf4 b6 4. e3 Bb7 5. Bd3 Be7 6. h3 d6 7. O-O O-O 8. Qe2 c5
9. c3 Be4 10. Nbd2 Bxd3 11. Qxd3 Nc6 12. Rfe1 e5 13. Bh2 cxd4 14. exd4 exd4 15.
Nxd4 Nxd4 16. Qxd4 d5 17. Nb3 Qd7 18. Rad1 Rfd8 19. Be5 Rac8 20. Qe3 Qb5 21. Qg3
Nh5 22. Qg4 Nf6 23. Qf5 Qd7 24. Qf3 Ne4 25. Rxe4 dxe4 26. Rxd7 exf3 27. Rxe7
Rd1+ 28. Kh2 fxg2 29. Kxg2 Rb1 30. c4 f6 31. Bc3 Rxc4 32. Rxa7 b5 33. a3 Rxc3
34. bxc3 Rxb3 35. Rb7 Rxa3 36. Rxb5 Rxc3 37. Rb7 h6 38. Ra7 Kh7 39. Rb7 h5 40.
Ra7 Kh6 41. Ra6 h4 42. Ra8 Kg5 43. Ra5+ f5 44. Rb5 g6 45. Ra5 Rb3 46. Rc5 Rb4
47. Ra5 Kf4 48. Ra8 g5 49. Rh8 Rb2 50. Rh7 Ke5 51. Rg7 Kf6 52. Rg8 f4 53. Kf3
Kf5 54. Rf8+ Kg6 55. Rg8+ Kf5 56. Rf8+ Ke5 1/2-1/2

[Event "World Blitz Women 2016"]
[Site "Doha QAT"]
[Date "2016.12.30"]
[Round "15.10"]
[White "Khademalsharieh, Sarasadat"]
[Black "Gvetadze, Sofio"]
[Result "0-1"]
[WhiteTitle "IM"]
[BlackTitle "IM"]
[WhiteElo "2438"]
[BlackElo "2283"]
[WhiteFideId "12512214"]
[BlackFideId "13601440"]
[EventDate "2016.12.29"]

1. d4 Nf6 2. c4 g6 3. Nc3 Bg7 4. e4 O-O 5. Be2 c5 6. d5 e6 7. Nf3 exd5 8. cxd5
Re8 9. Nd2 d6 10. O-O a6 11. a4 Nbd7 12. Re1 Rb8 13. a5 b5 14. axb6 Qxb6 15. Nc4
Qc7 16. Bf4 Bf8 17. Bf3 Rb4 18. b3 Qb8 19. Ra3 Ne5 20. Bxe5 dxe5 21. Qc2 Nd7 22.
Na5 Qd6 23. Nc6 Bb7 24. Na5 Rb8 25. Na2 Rb5 26. Be2 c4 27. Nxc4 Qf6 28. Ra4 Nc5
29. Na5 Nxa4 30. Bxb5 axb5 31. bxa4 bxa4 32. Rb1 Rc8 33. Qxa4 Ba6 34. Nc6 Bd3
35. Rd1 Bc5 36. Rd2 Qf4 37. Qd1 Bxe4 38. Nc3 Bf5 39. g3 Qc4 40. Qa1 e4 41. Nd1
Qb3 42. Qc1 Bd6 43. Ne3 Bh3 44. g4 Ra8 45. Rb2 Qd3 46. Rd2 Qb5 47. Nd4 Qb4 48.
Ne2 Qb5 49. Rb2 Qd3 50. Rd2 Qa6 51. Ng3 Qa1 52. Rd1 Qf6 53. Nxe4 Qf3 54. Nxd6
Ra4 55. Qc8+ Kg7 56. Qc3+ Kg8 57. Qc8+ Kg7 58. Ne8+ Kh6 59. g5+ Kxg5 60. Qd8+
Kh6 61. Qf6 Rg4+ 0-1

[Event "World Blitz Women 2016"]
[Site "Doha QAT"]
[Date "2016.12.30"]
[Round "15.12"]
[White "Geldiyeva, Mahri"]
[Black "Goryachkina, Aleksandra"]
[Result "0-1"]
[WhiteTitle "WGM"]
[BlackTitle "WGM"]
[WhiteElo "2220"]
[BlackElo "2466"]
[WhiteFideId "14000059"]
[BlackFideId "4147103"]
[EventDate "2016.12.29"]

1. d4 Nf6 2. Nf3 e6 3. g3 b6 4. Bg2 Bb7 5. O-O Be7 6. Nbd2 O-O 7. b3 c5 8. c3 d6
9. Bb2 Nbd7 10. Re1 d5 11. Rc1 Rc8 12. e3 Qc7 13. c4 Qb8 14. cxd5 Nxd5 15. a3
cxd4 16. Nxd4 Nc5 17. Qe2 Ba6 18. Nb5 Rfd8 19. a4 Bf8 20. Rc4 Bb7 21. Rh4 Ne7
22. Qh5 h6 23. Be5 Qa8 24. Bxb7 Qxb7 25. Nd6 g6 26. Nxb7 gxh5 27. Nxd8 Rxd8 28.
Nc4 Nxb3 29. Rxh5 Nc5 30. Rh4 Nxa4 31. Bf6 Rd5 32. Ne5 Nc5 33. Rg4+ Ng6 34. f4
Ne4 35. Bh4 h5 36. Nxg6 hxg4 37. Ne5 a5 38. Rc1 Bc5 39. Nxg4 f5 40. Rc4 b5 41.
Rxe4 fxe4 42. Nf6+ Kf7 43. Nxd5 exd5 44. Bd8 a4 45. Ba5 b4 46. Kf2 a3 47. Bc7 a2
48. Be5 d4 49. exd4 a1=Q 50. dxc5 Qa2+ 51. Ke3 Qc4 52. Bd4 Qd3+ 0-1

[Event "World Blitz Women 2016"]
[Site "Doha QAT"]
[Date "2016.12.30"]
[Round "15.13"]
[White "Abdumalik, Zhansaya"]
[Black "Ovezdurdiyeva, Jemal"]
[Result "1-0"]
[WhiteTitle "WGM"]
[BlackTitle "WFM"]
[WhiteElo "2405"]
[BlackElo "2080"]
[WhiteFideId "13703544"]
[BlackFideId "14001888"]
[EventDate "2016.12.29"]

1. e4 c5 2. Nf3 d6 3. d4 cxd4 4. Nxd4 Nf6 5. Nc3 a6 6. g3 e5 7. Nb3 Be6 8. Bg2
g6 9. O-O Bg7 10. h3 O-O 11. g4 b5 12. Be3 Nc6 13. Nd5 Bxd5 14. exd5 Ne7 15. a4
Qc7 16. Qd2 Rfc8 17. c3 e4 18. Bd4 Nexd5 19. g5 Nh5 20. Bxg7 Ndf4 21. Bd4 Nxg2
22. Kxg2 d5 23. f4 exf3+ 24. Rxf3 bxa4 25. Nc5 Qe7 26. Re1 Qd6 27. Nxa4 Re8 28.
Nc5 Re7 29. Rxe7 Qxe7 30. Qe3 Re8 31. Qxe7 Rxe7 32. Re3 Nf4+ 33. Kf3 Rxe3+ 34.
Bxe3 Ne6 35. Nxa6 1-0

[Event "World Blitz Women 2016"]
[Site "Doha QAT"]
[Date "2016.12.30"]
[Round "15.14"]
[White "Krivec, Jana"]
[Black "Arabidze, Meri"]
[Result "0-1"]
[WhiteTitle "WGM"]
[BlackTitle "IM"]
[WhiteElo "2264"]
[BlackElo "2379"]
[WhiteFideId "14601982"]
[BlackFideId "13604040"]
[EventDate "2016.12.29"]

1. e4 c5 2. Nc3 Nc6 3. Bb5 Nf6 4. Nf3 Qc7 5. O-O Nd4 6. e5 Nxf3+ 7. Qxf3 Qxe5 8.
d3 e6 9. Bd2 Be7 10. Rfe1 Qh5 11. Qg3 a6 12. Ba4 O-O 13. Re5 Qg4 14. Qe3 Qd4 15.
Qe2 b5 16. Bb3 Bb7 17. a4 b4 18. Nd1 Bd6 19. Rg5 Bxh2+ 20. Kxh2 Qh4+ 21. Kg1 h6
22. Rg3 d5 23. Qe5 Kh7 24. Qf4 Qxf4 25. Bxf4 Nd7 26. Ne3 e5 27. Bxe5 Nxe5 28.
Nxd5 Rad8 29. Ne3 f5 30. f4 Nc6 31. Be6 Nd4 32. Bb3 Nxb3 33. cxb3 Rxd3 34. Nxf5
Rxg3 35. Nxg3 Rxf4 36. Re1 Rg4 37. Kh2 c4 38. bxc4 Rxc4 39. Re7 Bc6 40. Nf5 Rg4
41. Ne3 Rg6 42. Rc7 Bxa4 43. Ra7 Bb3 44. Nf5 Bc4 45. Ne7 Rg5 46. Nc6 Bd5 47.
Nxb4 Bxg2 48. Nxa6 Bd5 49. b4 Rg2+ 50. Kh3 Ra2 51. b5 Bc4 52. b6 Ra3+ 53. Kh4 0-1

[Event "World Blitz Women 2016"]
[Site "Doha QAT"]
[Date "2016.12.30"]
[Round "15.15"]
[White "Javakhishvili, Lela"]
[Black "Hallaeva, Bahar"]
[Result "1-0"]
[WhiteTitle "IM"]
[BlackTitle "WFM"]
[WhiteElo "2461"]
[BlackElo "2112"]
[WhiteFideId "13601458"]
[BlackFideId "14000679"]
[EventDate "2016.12.29"]

1. d4 Nf6 2. c4 e6 3. Nf3 b6 4. a3 Bb7 5. Nc3 Be7 6. d5 d6 7. e4 e5 8. Be2 O-O
9. O-O Nbd7 10. b4 Re8 11. h3 a5 12. Be3 axb4 13. axb4 Nf8 14. Qb3 N6d7 15. Rxa8
Qxa8 16. Nb5 Qc8 17. Ra1 Ba6 18. Na7 Qb7 19. Nc6 b5 20. cxb5 Bxb5 21. Ra7 Qxa7
22. Nxa7 Bxe2 23. Nd2 Ba6 24. Qc3 Bd8 25. Nc6 Bb5 26. Nxd8 Rxd8 27. Qxc7 Ra8 28.
Qxd6 h6 29. Nb3 Ra1+ 30. Nxa1 1-0

[Event "World Blitz Women 2016"]
[Site "Doha QAT"]
[Date "2016.12.30"]
[Round "15.16"]
[White "Zhukova, Natalia"]
[Black "Sloan, Julia Elizabeth"]
[Result "1-0"]
[WhiteTitle "GM"]
[BlackTitle "CM"]
[WhiteElo "2440"]
[BlackElo "2173"]
[WhiteFideId "14101513"]
[BlackFideId "2018950"]
[EventDate "2016.12.29"]

1. d4 d6 2. c4 c6 3. Nc3 Nd7 4. e4 e5 5. Nf3 Ngf6 6. Be2 h6 7. O-O Be7 8. h3 Qc7
9. Be3 b6 10. Rc1 Nf8 11. b4 a5 12. b5 c5 13. dxe5 dxe5 14. Nd5 Qd6 15. Nxf6+
Qxf6 16. Qd5 Ra7 17. Nxe5 Bb7 18. Nc6 Bxc6 19. bxc6 Rc7 20. Bd1 Ng6 21. f4 O-O
22. e5 Qh4 23. f5 Qg3 24. Bf2 Qf4 25. fxg6 Qxc1 26. gxf7+ Kh8 27. Qe4 Qg5 28.
Bc2 g6 29. Be3 Qh5 30. e6 Kh7 31. g4 1-0

[Event "World Blitz Women 2016"]
[Site "Doha QAT"]
[Date "2016.12.30"]
[Round "15.17"]
[White "Purtseladze, Maka"]
[Black "Zhu, Chen"]
[Result "1/2-1/2"]
[WhiteTitle "IM"]
[BlackTitle "GM"]
[WhiteElo "2347"]
[BlackElo "2419"]
[WhiteFideId "13602659"]
[BlackFideId "8600546"]
[EventDate "2016.12.29"]

1. d4 Nf6 2. c4 e6 3. Nc3 Bb4 4. Nf3 d5 5. cxd5 exd5 6. Bg5 h6 7. Bh4 c5 8. a3
Bxc3+ 9. bxc3 Qa5 10. Qb3 Nbd7 11. dxc5 Ne4 12. Qb4 Qxc5 13. e3 Qxc3+ 14. Qxc3
Nxc3 15. Rc1 Ne4 16. Rc7 O-O 17. Bb5 Ndf6 18. O-O a6 19. Bd3 b5 20. Rfc1 Be6 21.
Nd4 Rfe8 22. f3 Nd6 23. Bxf6 gxf6 24. R1c6 Nc4 25. Nc2 a5 26. Rb7 Rab8 27. Rcc7
Nd6 28. Ra7 b4 29. axb4 axb4 30. Nd4 b3 31. Nxe6 Rxe6 32. Rc5 b2 33. Bb1 Rxe3
34. Kf2 Re5 35. Rca5 Kg7 36. Ra8 Rb4 37. Ra4 Rb5 38. R8a5 Rxa5 39. Rxa5 d4 40.
Ra2 Rb5 41. Ke2 Rb3 42. Kd2 Nc4+ 43. Kc2 Rb8 44. Kd3 Ne5+ 45. Kxd4 h5 46. Kc3
Ng6 47. g3 Ne5 48. f4 Nf3 49. Rxb2 1/2-1/2

[Event "World Blitz Women 2016"]
[Site "Doha QAT"]
[Date "2016.12.30"]
[Round "16.2"]
[White "Zhao, Xue"]
[Black "Lagno, Kateryna"]
[Result "0-1"]
[WhiteTitle "GM"]
[BlackTitle "GM"]
[WhiteElo "2504"]
[BlackElo "2530"]
[WhiteFideId "8601283"]
[BlackFideId "14109336"]
[EventDate "2016.12.29"]

1. Nf3 g6 2. c4 Bg7 3. g3 c5 4. Bg2 Nc6 5. O-O e6 6. Nc3 Nge7 7. d3 d5 8. Bg5 h6
9. Bd2 O-O 10. a3 b6 11. Rb1 a5 12. Rc1 Bb7 13. cxd5 exd5 14. h4 d4 15. Na4 Nd5
16. Rb1 Qe7 17. Re1 b5 18. Nh2 Nf6 19. Nb6 Rad8 20. a4 Nb4 21. Bxb4 axb4 22. Nf3
Qc7 23. a5 c4 24. dxc4 bxc4 25. Qa4 Qc5 26. Rec1 c3 27. bxc3 bxc3 28. a6 Be4 29.
Qb5 Qc7 30. Rb4 Nd5 31. Nxd5 Rxd5 32. Qb6 Qxb6 33. Rxb6 Ra5 34. Ne1 Bxg2 35.
Kxg2 Ra8 36. Nd3 R5xa6 37. Rb7 R6a7 38. Rb6 Ra2 39. Kf3 Re8 40. Re1 Rd2 41. Rbb1
c2 42. Rbc1 h5 43. Nf4 Bf8 44. Nd3 Ba3 45. Ra1 Rxd3+ 46. exd3 Rxe1 47. Rxe1 c1=Q
48. Rxc1 Bxc1 49. Ke4 Bb2 50. Ke5 Kg7 51. f3 Bc3 52. g4 hxg4 53. fxg4 f6+ 54.
Ke6 Be1 55. h5 gxh5 56. gxh5 Bf2 57. Kf5 Kh6 58. Kxf6 Kxh5 0-1

[Event "World Blitz Women 2016"]
[Site "Doha QAT"]
[Date "2016.12.30"]
[Round "16.3"]
[White "Gunina, Valentina"]
[Black "Gaponenko, Inna"]
[Result "1-0"]
[WhiteTitle "GM"]
[BlackTitle "IM"]
[WhiteElo "2525"]
[BlackElo "2411"]
[WhiteFideId "4167570"]
[BlackFideId "14101181"]
[EventDate "2016.12.29"]

1. d4 g6 2. c4 Bg7 3. Nc3 c5 4. d5 Bxc3+ 5. bxc3 f5 6. h4 h6 7. h5 g5 8. Qc2 d6
9. g4 Qd7 10. gxf5 Qxf5 11. e4 Qf8 12. e5 Qf5 13. Bd3 Qxe5+ 14. Ne2 Nf6 15. f4
gxf4 16. Bxf4 Nbd7 17. Bxe5 Nxe5 18. Bg6+ Kd8 19. O-O-O Nxc4 20. Nf4 Bg4 21.
Rde1 Nb6 22. Bf5 1-0

[Event "World Blitz Women 2016"]
[Site "Doha QAT"]
[Date "2016.12.30"]
[Round "16.4"]
[White "Charochkina, Daria"]
[Black "Tan, Zhongyi"]
[Result "1-0"]
[WhiteTitle "IM"]
[BlackTitle "WGM"]
[WhiteElo "2383"]
[BlackElo "2496"]
[WhiteFideId "4180917"]
[BlackFideId "8603642"]
[EventDate "2016.12.29"]

1. d4 Nf6 2. Bf4 d6 3. Nf3 b6 4. h3 Bb7 5. e3 g6 6. Be2 Bg7 7. O-O O-O 8. c3
Nbd7 9. Nbd2 Re8 10. Bh2 e5 11. a4 a6 12. Qc2 Qe7 13. dxe5 dxe5 14. Rfe1 e4 15.
Nd4 c5 16. N4b3 Ne5 17. Nc4 Nfd7 18. Nbd2 Rad8 19. Red1 f5 20. Nxe5 Bxe5 21. Nc4
Bxh2+ 22. Kxh2 Nf6 23. Kg1 Qc7 24. a5 b5 25. Nb6 Kg7 26. c4 b4 27. Nd5 Nxd5 28.
cxd5 Bxd5 29. Bxa6 c4 30. Bb5 Re5 31. a6 Qc5 32. Bxc4 Ra8 33. b3 Bxc4 34. bxc4
Re7 35. Rd5 Qb6 36. Rb5 Qf6 37. Rba5 Rc7 38. c5 Raa7 39. Qc4 Qc3 40. Qxc3+ bxc3
41. Rc1 Kf6 42. Rxc3 Ke6 43. c6 Kd6 44. Ra2 Rxc6 45. Rxc6+ Kxc6 46. Kh2 Kb6 47.
Kg3 g5 48. h4 h6 49. hxg5 hxg5 50. f4 exf3 51. gxf3 Kc7 52. Ra5 f4+ 53. exf4 Kb6
54. Ra2 gxf4+ 55. Kxf4 Rf7+ 56. Kg3 Rg7+ 57. Kf2 Ka7 58. Ra4 Rc7 59. f4 Rc2+ 60.
Kg3 Rc1 61. Kg4 Rg1+ 62. Kf5 Re1 63. Kg5 Rg1+ 64. Kf6 Rc1 65. f5 Rc6+ 66. Kg5
Rc5 67. Kg6 Rc1 68. f6 Rg1+ 69. Kf7 Rh1 70. Kg7 Rg1+ 71. Kf8 Rf1 72. f7 Rg1 73.
Re4 1-0